Raising the ratio (Record no. 103024)

MARC details
000 -LEADER
fixed length control field 01325cam a2200265 4500
001 - CONTROL NUMBER
control field J123352
008 - FIXED-LENGTH DATA ELEMENTS--GENERAL INFORMATION
fixed length control field 030822n2003 000 0 eng u
035 ## - SYSTEM CONTROL NUMBER
System control number (Sirsi) u123352
041 ## - LANGUAGE CODE
Language code of text/sound track or separate title eng
050 ## - LIBRARY OF CONGRESS CALL NUMBER
Classification number 331.481333
-- 18
100 ## - MAIN ENTRY--PERSONAL NAME
Personal name Ellison, Louise
245 ## - TITLE STATEMENT
Title Raising the ratio
Remainder of title the surveying profession as a career
260 ## - PUBLICATION, DISTRIBUTION, ETC.
Place of publication, distribution, etc. London
Name of publisher, distributor, etc. RICS
Date of publication, distribution, etc. 2003
300 ## - PHYSICAL DESCRIPTION
Extent 34p.
Dimensions 30cm.
520 ## - SUMMARY, ETC.
Summary, etc. The full report of research undertaken by the RICS Raising the Ratio Committee to identify the barriers that may be preventing women from joining or staying in the surveying profession and what could be done to improve these. Factors pertinent to the issue of raising entrance and retention rates amongst women surveyors were explored including levels of pay, training, promotion, work/life balance and family responsibilities. Graphs and tables.
520 ## - SUMMARY, ETC.
Summary, etc. The "Survey results summary" is available to borrow separately (J123356).
650 ## - SUBJECT ADDED ENTRY--TOPICAL TERM
Topical term or geographic name entry element RICS RAISING THE RATIO CAMPAIGN
650 ## - SUBJECT ADDED ENTRY--TOPICAL TERM
Topical term or geographic name entry element EQUAL OPPORTUNITIES
650 ## - SUBJECT ADDED ENTRY--TOPICAL TERM
Topical term or geographic name entry element WOMEN SURVEYORS
650 ## - SUBJECT ADDED ENTRY--TOPICAL TERM
Topical term or geographic name entry element WOMEN IN SURVEYING
690 ## - LOCAL SUBJECT ADDED ENTRY--TOPICAL TERM (OCLC, RLIN)
Topical term or geographic name as entry element MANAGEMENT-BUSINESS MANAGEMENT-PROFESSIONAL PRACTICE
710 ## - ADDED ENTRY--CORPORATE NAME
Corporate name or jurisdiction name as entry element Royal Institution of Chartered Surveyors
Subordinate unit Raising the Ratio Committee
9 (RLIN) 4463
710 ## - ADDED ENTRY--CORPORATE NAME
Corporate name or jurisdiction name as entry element Kingston University School of Surveying
9 (RLIN) 2114
942 ## - ADDED ENTRY ELEMENTS (KOHA)
Suppress in OPAC 0
Holdings
Withdrawn status Lost status Source of classification or shelving scheme Damaged status Not for loan Home library Current library Shelving location Date acquired Total Checkouts Full call number Barcode Date last seen Copy number Price effective from Koha item type Date last checked out
    Dewey Decimal Classification     London London RICS Boxes 27/08/2003   RICS 2003/31 30067663 06/08/2019 1 06/08/2019 Reference material  
    Dewey Decimal Classification     London London RICS Boxes 27/08/2003   RICS 2003/31 30067667 06/08/2019 2 06/08/2019 Archive  
    Dewey Decimal Classification     London London RICS Boxes 27/08/2003 4 RICS 2003/31 30067675 06/08/2019 3 06/08/2019 Book 25/11/2004
          Virtual Virtual   24/01/2024   SCAN   24/01/2024   24/01/2024 Online material